Офицерский штрафбат. Искупление (Запись № 11278943)

Подробности
000 -МАРКЕР
контрольное поле 02312nam0a2200385 4500
001 - ИДЕНТИФИКАТОР ЗАПИСИ
контрольное поле RU\NLR\BIBL_A\011357101
005 - ИДЕНТИФИКАТОР ВЕРСИИ
контрольное поле 20241105195403.0
010 ## - МЕЖДУНАРОДНЫЙ СТАНДАРТНЫЙ НОМЕР КНИГИ (ISBN)
Номер (ISBN) 9785699927289
Тираж 1500
021 ## - НОМЕР ГОСУДАРСТВЕННОЙ РЕГИСТРАЦИИ
Код страны Российская Федерация
Номер 2017-14108
Номер Листа государственной регистраци 1044
035 ## - ДРУГИЕ СИСТЕМНЫЕ НОМЕРА
Идентификатор записи (RuMoRGB)008812430
035 ## - ДРУГИЕ СИСТЕМНЫЕ НОМЕРА
Идентификатор записи (NLR Aleph) 011357101
100 ## - ДАННЫЕ ОБЩЕЙ ОБРАБОТКИ
Данные общей обработки 20170331d2017 km y0rusy50 ca
101 0# - ЯЗЫК РЕСУРСА
Язык текста, звукозаписи и т.д. русский
102 ## - СТРАНА ПУБЛИКАЦИИ ИЛИ ПРОИЗВОДСТВА
Страна публикации Российская Федерация
105 ## - ПОЛЕ КОДИРОВАННЫХ ДАННЫХ: ТЕКСТОВЫЕ МАТЕРИАЛЫ, МОНОГРАФИЧЕСКИЕ
Кодированные данные о монографическом текстовом документе y|||z|||000zy
200 1# - ЗАГЛАВИЕ И СВЕДЕНИЯ ОБ ОТВЕТСТВЕННОСТИ
Основное заглавие Офицерский штрафбат. Искупление
Первые сведения об ответственности Александр Пыльцын
210 ## - ПУБЛИКАЦИЯ, РАСПРОСТРАНЕНИЕ И ДР.
Место издания, распространения и т.д. Москва
Имя издателя, распространителя и т. д. Яуза
-- Эксмо
Дата издания, распространения и т.д. 2017
215 ## - ФИЗИЧЕСКАЯ ХАРАКТЕРИСТИКА
Специфическое обозначение материала и объем 606, [1] с.
Размеры 21
225 1# - СЕРИЯ
Основное заглавие серии Главные книги о войне
Наименование части Подлинная история Второй Мировой
300 ## - ОБЩИЕ ПРИМЕЧАНИЯ
Текст примечания Переизд. бестселлера "Правда о штрафбатах"
320 ## - ПРИМЕЧАНИЯ О НАЛИЧИИ В ДОКУМЕНТЕ БИБЛИОГРАФИИ / УКАЗАТЕЛЯ
Текст примечания Библиогр.: с. 604-605
333 ## - ПРИМЕЧАНИЯ ОБ ОСОБЕННОСТЯХ РАСПРОСТРАНЕНИЯ И ИСПОЛЬЗОВАНИЯ
Текст примечания 16+
451 #0 - ДРУГОЕ ИЗДАНИЕ [КАТАЛОГИЗИРУЕМОГО ДОКУМЕНТА] НА АНАЛОГИЧНОМ НОСИТЕЛЕ
Встроенное поле 2001#$aПравда о штрафбатах
Заглавие Правда о штрафбатах
517 1# - ДРУГИЕ ВАРИАНТЫ ЗАГЛАВИЯ
Вариант заглавия Искупление
601 02 - НАИМЕНОВАНИЕ ОРГАНИЗАЦИИ КАК ПРЕДМЕТ
Начальный элемент ввода Армия
Структурное подразделение организации Отдельный штрафной (офицерский) батальон
Идентифицирующий признак 48; 1941 - 1945
-- 8
Формальный подзаголовок Воспоминания, записки и т.п.
Системный номер авторитетной/нормативной записи 2337909
Идентификатор авторитетной/нормативной записи RU\NLR\auth\661397653
606 ## - НАИМЕНОВАНИЕ ТЕМЫ КАК ПРЕДМЕТ
Наименование темы История. Исторические науки -- СССР -- Период Великой Отечественной войны (1941-1945) -- Вооруженные силы СССР в Великой Отечественной войне -- Красная Армия -- Воспоминания
Код системы rubbk
606 ## - НАИМЕНОВАНИЕ ТЕМЫ КАК ПРЕДМЕТ
Наименование темы Военная наука. Военное дело -- История войн, военной науки и военного искусства -- СССР -- Период Великой Отечественной войны (1941-1945) -- Пехота -- Организация объединений, соединений, частей и подразделений -- Батальон, 8-й Отдельный штрафной 1-го Белорусского фронта
Код системы rubbk
686 1# - ИНДЕКСЫ ДРУГИХ КЛАССИФИКАЦИЙ
Индекс Ц35(2)722-4,1,013
686 1# - ИНДЕКСЫ ДРУГИХ КЛАССИФИКАЦИЙ
Индекс Ц4,6(2)279,013
700 #1 - ИМЯ ЛИЦА - ПЕРВИЧНАЯ ОТВЕТСТВЕННОСТЬ
Начальный элемент ввода Пыльцын
Часть имени, кроме начального элемента ввода А. В.
Расширение инициалов личного имени Александр Васильевич
942 ## - ДОПОЛНИТЕЛЬНЫЕ ЭЛЕМЕНТЫ ЗАПИСИ (АБИС)
Тип экземпляра АБИС Книга
980 ## - КОЛЛЕКЦИЯ
Название коллекции НБР

Нет доступных экземпляров.